• 首页
  • 本馆介绍
  • 公告通知
  • 最新文献
  • 馆藏检索
  • 电子资源
  • 读者导购
  • 参考咨询
  • 我的图书馆
  • 登录
  • 详细信息显示
  • 放入我的书架
  • 预约/预借图书
  • 作者相关作品
  • 分类相关作品
  • 丛书相关作品
  • 出版社相关作品

书目信息

  • 表格格式
  • 工作单格式
  • 卡片格式
题名:
组织胚胎学图谱
    
 
作者: 蒋加年 主编
分册:  
出版信息: 北京   人民卫生出版社  1961
页数: 249页
开本: 26cm
丛书名:
单 册:
中图分类: R329.1-64
科图分类:
主题词: 人体组织学--人体胚胎学--图谱
电子资源:
ISBN: 14048.1448
000 00656cam0 2200229 450
001 0105478444
005 20071204150712.0
010    @a14048.1448@dCNY1.90
091    @a14048.1448@dCNY1.90
100    @a19960313d1961 em y0chiy0110 ea
101 0  @achi
102    @aCN@b110000
105    @aa z 000yy
106    @ar
200 1  @a组织胚胎学图谱@9Zu Zhi Pei Tai Xue Tu Pu @f蒋加年主编@b专著
210    @a北京@c人民卫生出版社@d1961
215    @a249页@d26cm
606 0  @a人体组织学@x人体胚胎学@x图谱
690    @aR329.1-64@v3
701  0 @a蒋加年@9jiang jia nian@4主编
801  0 @aCN@b上海图书馆@c19970403
905    @aBZT@dR329.1-64@e3@f12@sR329.1-64/3
    
    组织胚胎学图谱/蒋加年主编.-北京:人民卫生出版社,1961
    249页;26cm
    
    
    ISBN 14048.1448:CNY1.90
    
●
相关链接 在五车中查询图书 在当当中查询图书 在豆瓣中查询图书


正题名:组织胚胎学图谱     索取号:R329.1-64/3         预约/预借

序号 登录号 条形码 馆藏地/架位号 状态 备注
1 2000034660   2000034660   旧书回溯/ [索取号:R329.1-64/3] 在馆    
2 2000034666   2000034666   旧书回溯/ [索取号:R329.1-64/3] 在馆    
3 2000034667   2000034667   旧书回溯/ [索取号:R329.1-64/3] 在馆    
4 2000034668   2000034668   旧书回溯/ [索取号:R329.1-64/3] 在馆    
5 2000034674   2000034674   旧书回溯/ [索取号:R329.1-64/3] 在馆    
6 2000034675   2000034675   旧书回溯/ [索取号:R329.1-64/3] 在馆    
7 2000034676   2000034676   旧书回溯/ [索取号:R329.1-64/3] 在馆    
8 2000034677   2000034677   旧书回溯/ [索取号:R329.1-64/3] 在馆    
9 2000034678   2000034678   旧书回溯/ [索取号:R329.1-64/3] 在馆    
10 2000138556   2000138556   旧书回溯/ [索取号:R329.1-64/3] 在馆    
11 2000138557   2000138557   旧书回溯/ [索取号:R329.1-64/3] 在馆    
12 2000138584   2000138584   旧书回溯/ [索取号:R329.1-64/3] 在馆    
山东省滨州职业学院图书馆 欢迎您!
大连网信软件有限公司© 版权所有